Provinces of Thailand - Map Quiz - Statistics

General Stats
  • This quiz has been taken 38 times
  • The average score is 37 of 76
Answers on the Map
Answers color-coded by a green-red scale on the quiz's map according to % correct below.
 
Answer Stats
Answer % Correct
Chiang Mai เชิยงใหม่
71%
Kanchanaburi กาญจนบุรี
71%
Chumphon ชุมพร
65%
Mae Hong Son แม่ฮ่องสอน
65%
Pathum Thani ปทุมธานี
65%
Chiang Rai เชิยงราย
59%
Chonburi ชลบุรี
59%
Kamphaeng Phet กำแพงเพชร
59%
Nakhon Ratchasima นครราชสีมา
59%
Pattani ปัตตานี
59%
Trat ตราด
59%
Buriram บุรีรัมย์
53%
Chanthaburi จันทบุรี
53%
Lamphun ลำพูน
53%
Loei เลย
53%
Nakhon Nayok นครนายก
53%
Nakhon Pathom นครปฐม
53%
Nong Khai หนองคาย
53%
Phatthalung พัทลุง
53%
Phra Nakhon Si Ayutthaya พระนครศรีอยุธยา
53%
Phuket ภูเก็ต
53%
Prachuap Khiri Khan ประจวบคีรีขันธ์
53%
Ratchaburi ราชบุรี
53%
Samut Prakan สมุทรปราการ
53%
Samut Songkhram สมุทรสงคราม
53%
Songkhla สงขลา
53%
Ubon Ratchathani อุบลราชธานี
53%
Uttaradit อุตรดิตถ์
53%
Yala ยะลา
53%
Bueng Kan บึงกาฬ
47%
Chachoengsao ฉะเชิงเทรา
47%
Kalasin กาฬสินธุ์
47%
Krabi กระบี่
47%
Lampang ลำปาง
47%
Maha Sarakham มหาสารคาม
47%
Nakhon Phanom นครพนม
47%
Nan น่าน
47%
Nonthaburi นนทบุรี
47%
Phang Nga พังงา
47%
Phayao พะเยา
47%
Phetchabun เพชบูรณ์
47%
Phichit พิจิตร
47%
Prachinburi ปราจีนบุรี
47%
Ranong ระนอง
47%
Rayong ระยอง
47%
Samut Sakhon สมุทรสาคร
47%
Saraburi สระบุรี
47%
Satun สตูล
47%
Suphan Buri สุพรรณบุรี
47%
Surat Thani สุราษฏร์ธานี
47%
Surin สุรินทร์
47%
Tak ตาก
47%
Yasothon ยโสธร
47%
Amnat Charoen อำนาจเจริญ
41%
Ang Thong อ่างทอง
41%
Chai Nat ชัยนาท
41%
Chaiyaphum ชัยภูมิ
41%
Khon Kaen ขอนแก่น
41%
Lopburi ลพบุรี
41%
Mukdahan มุกดาหาร
41%
Nakhon Sawan นครสวรรค์
41%
Nakhon Si Thammarat นครศรีธรรมราช
41%
Narathiwat นราธิวาส
41%
Nong Bua Lamphu หนองบัวลำภู
41%
Phrae แพร่
41%
Roi Et ร้อยเอ็ด
41%
Sakon Nakhon สกลนคร
41%
Sing Buri สิงห์บุรี
41%
Sisaket ศรีสะเก็ษ
41%
Sukhothai สุโขทัย
41%
Trang ตรัง
41%
Udon Thani อุดรธานี
41%
Phetchaburi เพชรบุรี
35%
Phitsanulok พิษณุโลก
35%
Sa Kaeo สระแก้ว
35%
Uthai Thani อุทัยธานี
35%
No matching quizzes found
Score Distribution
Percent of People with Each Score
Percentile by Number Answered
Your Score History
You have not taken this quiz